• 首页
  • 本馆介绍
  • 公告通知
  • 最新文献
  • 馆藏检索
  • 电子资源
  • 读者导购
  • 参考咨询
  • 我的图书馆
  • 登录
  • 详细信息显示
  • 放入我的书架
  • 预约/预借图书
  • 作者相关作品
  • 分类相关作品
  • 丛书相关作品
  • 出版社相关作品

书目信息

  • 表格格式
  • 工作单格式
  • 卡片格式
题名:
海战事典
    
 
作者: 王子午 主编
分册: 001  
出版信息: 长春   吉林文史出版社  2015.05
页数: 200页
开本: 23cm
丛书名: 指文海战事典
单 册:
中图分类: E19-49
科图分类:
主题词: 海战--hai zhan--战争史--世界--通俗读物
电子资源:
ISBN: 978-7-5472-2763-3
000 00897nam 2200253 450
001 CAL 0120151588305
005 20230307161128.53
010    @a978-7-5472-2763-3@dCNY69.80
100    @a20150611d2015 em y0chiy0120 ea
101 0  @achi
102    @aCN@b220000
105    @aab z 000yy
106    @ar
200 1  @a海战事典@Ahai zhan shi dian@f王子午主编@h001
210    @a长春@c吉林文史出版社@d2015.05
215    @a200页@c图 (部分彩图), 地图@d23cm
225 2  @a指文海战事典@Azhi wen hai zhan shi dian@v001
330    @a本书主要内容包括: 跨海围攻 公元前333年至公元前332年泰尔围攻战 ; 玉碎比阿克1944年美日比阿克岛争夺战 ; 彩虹舰队德国公海舰队斯卡帕湾自沉事件等。
410  0 @12001 @a指文海战事典@v001
606 0  @a海战@Ahai zhan@x战争史@y世界@j通俗读物
690    @aE19-49@v5
701  0 @a王子午@Awang zi wu@4主编
801  0 @aCN@bBJXHZP@c20230228
905    @b1405733-6@dE19-49@e132:1@f4
    
    海战事典/王子午主编.001.-长春:吉林文史出版社,2015.05
    200页:图 (部分彩图), 地图;23cm.-(指文海战事典;001)
    
    
    ISBN 978-7-5472-2763-3:CNY69.80
    本书主要内容包括: 跨海围攻 公元前333年至公元前332年泰尔围攻战 ; 玉碎比阿克1944年美日比阿克岛争夺战 ; 彩虹舰队德国公海舰队斯卡帕湾自沉事件等。
●
相关链接 在E读中查询图书 在五车中查询图书 在当当中查询图书 在豆瓣中查询图书


正题名:海战事典     索取号:E19-49/132:1         预约/预借

序号 登录号 条形码 馆藏地/架位号 状态 备注
1 1405733   214057330   第一样本阅览室/ [索取号:E19-49/132:1] 在馆    
2 1405734   214057349   第一借阅区/ [索取号:E19-49/132:1] 在馆    
3 1405735   214057358   第一借阅区/ [索取号:E19-49/132:1] 在馆    
4 1405736   214057367   第一借阅区/ [索取号:E19-49/132:1] 在馆    
唐山师范学院图书馆 欢迎您!
大连网信软件有限公司© 版权所有